000 00227nam a22000857a 4500
008 160916b xxu||||| |||| 00| 0 eng d
100 _9581
_aMallik.R.S
245 _aEnglish language-VIII
260 _aNew Delhi
_bL.P. Publications
_c2011
999 _c3237
_d3237